| 000 | 00864cas a22002295a 4500 | ||
|---|---|---|---|
| 001 | L139733 | ||
| 008 | 070807d19721975sw qr p 0 a0eng u | ||
| 035 | _a(Sirsi) u139733 | ||
| 041 | 1 |
_ager _bfre |
|
| 110 | 2 |
_aSchweizerischer Verein fur Vermessungswesen und Kulturtechnik _95304 |
|
| 240 |
_aMensuration, Photogrammetrie, Genie Rural _bRevue |
||
| 245 | 0 | 0 |
_aVermessung, Photogrammetrie, Kulturtechnik _bFachblatt |
| 260 |
_aWinterthur _bFabag & Druckerei Winterthur _c1972-1975 |
||
| 362 | 0 | _a70(1) 1972-73(3/5) 1975 | |
| 554 | _aFour per year | ||
| 651 | 4 | _aSwitzerland | |
| 690 | _aENVIRONMENTAL AND LAND CONSULTANCY-GEOMATICS | ||
| 710 | 2 | _aSchweizerische Gesellschaft fur Photogrammetrie | |
| 710 | 2 | _aFachgruppe der Kulturingenieure des SIA | |
| 780 | 0 | 0 | _tSchweizerische Zeitschrift fur Vermessung, Photogrammetrie und Kulturtechnik |
| 942 | _n0 | ||
| 999 |
_c119119 _d119119 |
||